[Event "DOM-ch"]
[Site "Santo Domingo"]
[Date "2022.02.19"]
[Round "3"]
[White "Camacho Campusano, David Daniel"]
[Black "Rodriguez Garcia, Eduardo Manuel"]
[Result "1/2-1/2"]
[WhiteElo "2205"]
[BlackElo "1945"]
[PlyCount "70"]
[EventDate "2022.02.18"]
[EventType "swiss"]
[EventRounds "11"]
[EventCountry "DOM"]
[SourceTitle "EXT 2023"]
[Source "ChessBase"]
[SourceDate "2022.10.05"]
[SourceVersion "1"]
[SourceVersionDate "2022.10.05"]
[SourceQuality "1"]

1. e4 c5 2. Nc3 d6 3. g3 Nc6 4. Bg2 e5 5. Nge2 g6 6. 0-0 Bg7 7. d3 Nge7 8. Be3 0-0 9. Qd2 Nd4 10. h3 Bxh3 11. Bh6 Nxe2+ 12. Nxe2 Qd7 13. Qg5 f6 14. Qh4 Bxg2 15. Kxg2 Nc6 16. Rh1 Nd4 17. Nxd4 cxd4 18. Bd2 Bh8 19. c4 f5 20. f3 fxe4 21. fxe4 Rf7 22. Raf1 Raf8 23. Bh6 Rxf1 24. Rxf1 Rxf1 25. Kxf1 Bg7 26. Bd2 Bf8 27. b3 Be7 28. Bg5 Bxg5 29. Qxg5 Kg7 30. Kg2 h6 31. Qc1 Qg4 32. c5 Qe2+ 33. Kh3 dxc5 34. Qxc5 Qh5+ 35. Kg2 Qe2+ 1/2-1/2

[Event "Santo Domingo op11"]
[Site "Santo Domingo"]
[Date "2017.11.25"]
[Round "6"]
[White "Castillo Pena, Patricia Evarista"]
[Black "Rodriguez Garcia, Eduardo Manuel"]
[Result "1/2-1/2"]
[WhiteElo "1778"]
[BlackElo "1953"]
[PlyCount "98"]
[EventDate "2017.11.17"]
[EventType "swiss"]
[EventRounds "8"]
[EventCountry "DOM"]
[SourceTitle "CBM 181 Extra"]
[Source "ChessBase"]
[SourceDate "2017.12.12"]
[SourceVersion "1"]
[SourceVersionDate "2017.12.12"]
[SourceQuality "1"]

1. e4 c5 2. Nf3 d6 3. d4 cxd4 4. Nxd4 Nf6 5. Nc3 a6 6. Bg5 e6 7. f4 Be7 8. Qf3 Qc7 9. 0-0-0 Nbd7 10. g4 b5 11. Bd3 Bb7 12. Rhe1 Rc8 13. Kb1 b4 14. Nd5 Nxd5 15. exd5 Bxd5 16. Qxd5 exd5 17. Rxe7+ Kf8 18. Bf5 Rd8 19. Rde1 h6 20. Bxd7 Qxd7 21. Rxd7 Rxd7 22. Bh4 f6 23. f5 Kf7 24. Ne6 h5 25. g5 fxg5 26. Bxg5 g6 27. fxg6+ Kxg6 28. h4 Kf5 29. Nf4 d4 30. Kc1 Rc7 31. Re2 a5 32. Kd1 Kg4 33. Ne6 Rc4 34. b3 d3 35. cxd3 Rc3 36. Kd2 Rhc8 37. Nd4 R8c5 38. Be7 Rd5 39. Bf6 a4 40. Ke3 axb3 41. axb3 Rc8 42. Rg2+ Kh3 43. Rg5 Rxg5 44. Bxg5 Kg4 45. Ke4 Rc5 46. Bf6 Rc3 47. Kd5 Rxd3 48. Kxd6 Rc3 49. Kd5 Rd3 1/2-1/2

[Event "Santo Domingo op11"]
[Site "Santo Domingo"]
[Date "2017.11.18"]
[Round "2"]
[White "Camacho Campusano, David Daniel"]
[Black "Rodriguez Garcia, Eduardo Manuel"]
[Result "1-0"]
[WhiteElo "2146"]
[BlackElo "1953"]
[PlyCount "107"]
[EventDate "2017.11.17"]
[EventType "swiss"]
[EventRounds "8"]
[EventCountry "DOM"]
[SourceTitle "CBM 181 Extra"]
[Source "ChessBase"]
[SourceDate "2017.12.12"]
[SourceVersion "1"]
[SourceVersionDate "2017.12.12"]
[SourceQuality "1"]

1. e4 c5 2. Nc3 d6 3. f4 Nc6 4. Bb5 Bd7 5. Nf3 e6 6. 0-0 g6 7. d3 Bg7 8. Bxc6 Bxc6 9. f5 Qe7 10. fxe6 fxe6 11. Bg5 Qd7 12. Qe1 h6 13. Bd2 0-0-0 14. Qg3 g5 15. a3 Ne7 16. b4 Ng6 17. bxc5 dxc5 18. Kh1 Rhf8 19. Rae1 Rf7 20. Ne2 Rdf8 21. Be3 b6 22. Rb1 e5 23. Rfd1 Nf4 24. Neg1 Qe6 25. Qe1 Qg4 26. Qg3 Qe6 27. Qe1 Qg4 28. Qg3 Qe6 29. Ra1 Ng6 30. a4 Bf6 31. a5 g4 32. Bxh6 gxf3 33. Bxf8 fxg2+ 34. Qxg2 Nf4 35. Qg8 Qe8 36. axb6 Qxf8 37. Qxf8+ Rxf8 38. bxa7 Kc7 39. Nf3 Rh8 40. Ra6 Rg8 41. h4 Rh8 42. Rda1 Bg7 43. Nd2 Bf8 44. Nc4 Bb5 45. Rf6 Be7 46. Rf7 Ng6 47. Nxe5 Nxe5 48. Rxe7+ Nd7 49. h5 Bc6 50. h6 Kd6 51. Rg7 Ne5 52. h7 Ra8 53. Ra6 Ke6 54. h8Q 1-0

[Event "Santo Domingo Guzman Cup"]
[Site "Santo Domingo"]
[Date "2017.10.22"]
[Round "4"]
[White "Arvelo Leo, Gian Carlo"]
[Black "Rodriguez Garcia, Eduardo Manuel"]
[Result "1-0"]
[WhiteElo "2222"]
[BlackElo "1953"]
[PlyCount "55"]
[EventDate "2017.10.20"]
[EventType "swiss"]
[EventRounds "8"]
[EventCountry "DOM"]
[SourceTitle "CBM 181 Extra"]
[Source "ChessBase"]
[SourceDate "2017.12.12"]
[SourceVersion "1"]
[SourceVersionDate "2017.12.12"]
[SourceQuality "1"]

1. d4 d5 2. c4 e6 3. Nc3 c6 4. e4 dxe4 5. Nxe4 Nf6 6. Nxf6+ Qxf6 7. Nf3 h6 8. Bd3 Bd6 9. Qe2 Qe7 10. 0-0 Nd7 11. Re1 Nf6 12. Ne5 0-0 13. Qf3 Bb4 14. Re2 Rd8 15. a3 Ba5 16. Bxh6 gxh6 17. Qg3+ Kf8 18. Qf4 Ke8 19. Qxh6 Nd7 20. Nxf7 Nf8 21. Nxd8 Kxd8 22. d5 cxd5 23. cxd5 Bd7 24. Rd1 e5 25. d6 Qf7 26. Rxe5 Bb6 27. Qh4+ Kc8 28. Re7 1-0

[Event "DOM-ch"]
[Site "Santo Domingo"]
[Date "2017.04.22"]
[Round "2"]
[White "Rodriguez Garcia, Eduardo Manuel"]
[Black "Crispin Ferreras, Darvi Abraham"]
[Result "1-0"]
[WhiteElo "1915"]
[BlackElo "2203"]
[PlyCount "119"]
[EventDate "2017.04.21"]
[EventType "swiss"]
[EventRounds "11"]
[EventCountry "DOM"]
[SourceTitle "CBM 178 Extra"]
[Source "ChessBase"]
[SourceDate "2017.06.22"]
[SourceVersion "1"]
[SourceVersionDate "2017.06.22"]
[SourceQuality "1"]

1. e4 c5 2. Nf3 e6 3. d4 cxd4 4. Nxd4 a6 5. Bd3 Nf6 6. 0-0 Qc7 7. Qe2 d6 8. c4 Nbd7 9. b3 Be7 10. Be3 b6 11. Nd2 Bb7 12. Rac1 Rc8 13. f3 Qb8 14. Rfd1 0-0 15. Nf1 Rfe8 16. Qd2 Ne5 17. Ne2 Bc6 18. Nd4 Ba8 19. Be2 Bf8 20. Kh1 Nc6 21. Nxc6 Bxc6 22. Bf4 e5 23. Be3 Nd7 24. Bf2 g6 25. Ne3 Re6 26. Nd5 Bg7 27. Bf1 Kh8 28. g3 Rf8 29. Bh3 f5 30. Be3 Ree8 31. Nb4 Bb7 32. Qxd6 Nc5 33. Qxb6 Bxe4 34. Bxc5 Bxf3+ 35. Bg2 Qxb6 36. Bxb6 Bxd1 37. Rxd1 e4 38. Nd5 Re6 39. Kg1 Bh6 40. Bd4+ Kg8 41. Kf2 g5 42. Re1 Bg7 43. Bxg7 Kxg7 44. Ke3 Rh6 45. h3 Re6 46. b4 h5 47. a4 h4 48. gxh4 f4+ 49. Kf2 f3 50. Bf1 gxh4 51. c5 Re5 52. Rd1 Rd8 53. Bc4 Rg5 54. Rg1 e3+ 55. Nxe3 Rd2+ 56. Kf1 Rxg1+ 57. Kxg1 Kf6 58. c6 Ke7 59. c7 Kd7 60. Nd5 1-0